Statistiques concernant Nom de rois, reines, valets dans un jeu de cartes standard

Cliquez ici pour prendre le quiz!

Statistiques générales

  • Ce quiz a été pris 279 fois
  • Le résultat moyen est 4 sur 12

Statistiques - réponses

Hint Answer % Correct
Roi de coeurCharles
63%
Roi de trèfleAlexandre
58%
Roi de carreauCésar
52%
Reine de coeurJudith
48%
Valet de trèfleLancelot
45%
Roi de piqueDavid
37%
Valet de carreauHector
32%
Reine de carreauRachel
28%
Valet de coeurLahire
24%
Reine de piquePallas Athena
20%
Reine de trèfleArgine
16%
Valet de piqueHogier
11%

Distribution des résultats

Percentile by Number Answered

% des personnes avec chaque résultat

Votre développement - résultats

Vous n’avez pas pris ce quiz